[Event "Superettan(Wasa-Burgsvik)"]
[Site "?"]
[Date "2011.03.12"]
[Round "8"]
[White "Hallerod, Ralph"]
[Black "Fries Nielsen, Niels J"]
[Result "1-0"]
[WhiteElo "2181"]
[BlackElo "2410"]
[PlyCount "160"]

1. d4 Nf6 2. c4 c5 3. e3 g6 4. Nc3 Bg7 5. Be2 O-O 6. Nf3 b6 7. O-O d6 8. b3 Nc6
9. Bb2 Bd7 10. Qd2 Qc8 11. Rad1 Re8 12. Qc1 Rb8 13. Qa1 cxd4 14. exd4 Bg4 15.
Rfe1 Nb4 16. Rf1 Nh5 17. Qc1 Qf5 18. Nh4 Qc8 19. Nf3 e5 20. dxe5 dxe5 21. a3
Nc6 22. Nd5 Ne7 23. Ne3 Nf4 24. Rd2 Nxe2+ 25. Rxe2 Bxf3 26. gxf3 Qh3 27. Ng2
Qxf3 28. Re3 Qh5 29. Qa1 Nf5 30. Re4 Nd4 31. Bxd4 exd4 32. Qb1 Qf3 33. Rfe1
Rxe4 34. Rxe4 Rd8 35. Ne1 Qc3 36. Qd3 Bh6 37. Re2 Bf8 38. a4 a5 39. Kf1 Bb4 40.
Re4 Qc1 41. f3 Kf8 42. Kf2 Qh6 43. Kg2 Qg5+ 44. Kf1 Qc1 45. Kf2 Qc3 46. Kf1 h5
47. h4 Qc1 48. Kf2 f5 49. Re2 Qc3 50. Re5 Kf7 51. f4 Kf6 52. Kf1 Rd6 53. Kf2
Rd7 54. Kf1 Kf7 55. Kf2 Be7 56. Kg3 Bf6 57. Re2 Bd8 58. Kh3 Bc7 59. Kg3 Kf6 60.
Kf3 Bd6 61. Kg3 Bb4 62. Kf2 Rd6 63. Kf3 Qc1 64. Ng2 Qa1 65. Re5 Qc3 66. Ne1 Qc1
67. Ng2 Bd2 68. Re2 Bb4 69. Re8 Qc3 70. Ne1 Re6 71. Rxe6+ Kxe6 72. Qxc3 dxc3
73. Nc2 Be7 74. Kg3 Kd6 75. Ne3 Kc5 76. Nc2 Bd8 77. Kh3 b5 78. axb5 a4 79. bxa4
Kxc4 80. Kg3 Kb3 1-0

[Event "Superettan(Wasa-Burgsvik)"]
[Site "?"]
[Date "2011.03.12"]
[Round "8"]
[White "Krupenski, Juri"]
[Black "Berkell, Peder"]
[Result "1-0"]
[WhiteElo "2257"]
[BlackElo "2156"]
[PlyCount "69"]

1. Nf3 c5 2. c4 Nf6 3. g3 b6 4. Bg2 Bb7 5. Nc3 e6 6. O-O d6 7. d3 a6 8. a3 Be7
9. b4 Nbd7 10. Rb1 Qc7 11. Qb3 Rb8 12. Bb2 O-O 13. e4 h5 14. h3 Rfe8 15. Rfe1
Bf8 16. Ng5 Ne5 17. Qd1 cxb4 18. axb4 h4 19. f4 Ng6 20. e5 dxe5 21. fxe5 Bxg2
22. Kxg2 Bxb4 23. exf6 Qxg3+ 24. Kh1 Qxg5 25. Ne4 Qf5 26. Re3 e5 27. fxg7 Nf4
28. Qf3 Bc5 29. Rg1 Re6 30. Rg5 Qh7 31. Rxe5 Qxg7 32. Rxe6 Qxb2 33. Qxf4 Qc1+
34. Kg2 Qc2+ 35. Nf2 1-0

[Event "Superettan(Wasa-Burgsvik)"]
[Site "?"]
[Date "2011.03.12"]
[Round "8"]
[White "Nordstrom, Felix"]
[Black "Linusson, Pelle"]
[Result "1/2-1/2"]
[WhiteElo "2149"]
[BlackElo "2132"]
[PlyCount "83"]

1. e4 e5 2. Nf3 Nc6 3. Bc4 Nf6 4. Ng5 d5 5. exd5 Na5 6. Bb5+ c6 7. dxc6 bxc6 8.
Be2 h6 9. Nf3 e4 10. Ne5 Bd6 11. d4 exd3 12. Nxd3 Qc7 13. h3 O-O 14. b3 Bf5 15.
Bb2 c5 16. Nd2 Rab8 17. Bxf6 gxf6 18. O-O Rbd8 19. Bg4 Bh7 20. Qf3 Nc6 21. Bf5
Bg6 22. Bxg6 fxg6 23. Nc4 Nd4 24. Qd1 Rfe8 25. Kh1 Bf8 26. c3 Ne6 27. Qc2 Bg7
28. Rad1 Ng5 29. f3 f5 30. Rfe1 Qg3 31. Rxe8+ Rxe8 32. Rf1 Bxc3 33. Qxc3 Re2
34. Nf2 Rxf2 35. Rxf2 Qxf2 36. Qd3 Qe1+ 37. Kh2 Qe7 38. Kg1 Ne6 39. Qd5 Kh7 40.
Qe5 Qd7 41. Kf2 h5 42. Kg1 1/2-1/2

[Event "Superettan(Wasa-Burgsvik)"]
[Site "?"]
[Date "2011.03.12"]
[Round "8"]
[White "Akerman, Axel"]
[Black "Wenzel, Birger"]
[Result "1/2-1/2"]
[WhiteElo "2108"]
[BlackElo "2125"]
[PlyCount "95"]

1. e4 e5 2. Nf3 Nc6 3. Bb5 a6 4. Ba4 Nf6 5. Qe2 b5 6. Bb3 Be7 7. c3 d6 8. O-O
O-O 9. Rd1 Na5 10. Bc2 c5 11. d4 Qc7 12. d5 Nc4 13. b3 Nb6 14. a4 Bd7 15. Nbd2
Rfe8 16. Nf1 Bf8 17. Bg5 Be7 18. Ng3 h6 19. Bc1 Bf8 20. h3 g6 21. Be3 Bg7 22.
Rf1 Kh7 23. Nd2 Ng8 24. f4 exf4 25. Rxf4 Re7 26. a5 Nxd5 27. exd5 Bxc3 28. Raf1
f5 29. Nxf5 Bxf5 30. Bxf5 gxf5 31. Qd3 Rae8 32. Rxf5 Bg7 33. Bf2 Kh8 34. Nf3 c4
35. bxc4 bxc4 36. Qb1 Rb8 37. Qc1 Re2 38. Bb6 Rxb6 39. axb6 Qxb6+ 40. Kh1 c3
41. Qf4 Qb2 42. Nh4 Qd2 43. Qxd6 c2 44. Qc7 Qc3 45. Ng6+ Kh7 46. Nf8+ Kh8 47.
Ng6+ Kh7 48. Nf8+ 1/2-1/2

[Event "Superettan(Wasa-Burgsvik)"]
[Site "?"]
[Date "2011.03.12"]
[Round "8"]
[White "Marchand, Erick"]
[Black "Fraenkel, Mikael"]
[Result "1-0"]
[WhiteElo "2025"]
[BlackElo "2072"]
[PlyCount "77"]

1. d4 Nf6 2. c4 c5 3. d5 b5 4. cxb5 a6 5. b6 Qxb6 6. Nc3 g6 7. e4 d6 8. Nf3
Nbd7 9. Be2 Bg7 10. O-O O-O 11. Nd2 Qb8 12. a4 a5 13. Ra3 Nb6 14. Rb3 Ba6 15.
Bxa6 Rxa6 16. Nc4 Nfd7 17. Qe2 Qc8 18. Bg5 Re8 19. Nxb6 Nxb6 20. Qb5 c4 21. Ra3
Na8 22. Be3 e6 23. Rc1 Re7 24. b3 Rc7 25. Ne2 Bb2 26. Raa1 Bxa1 27. Rxa1 cxb3
28. Qxb3 Rb7 29. Qd3 Nc7 30. Rc1 Ra8 31. Nd4 Qd7 32. Nc6 Na6 33. Bg5 f5 34.
Ne7+ Kg7 35. exf5 e5 36. fxg6 Nc5 37. Qc2 e4 38. Qc3+ Kf8 39. Qh8# 1-0

[Event "Superettan(Majorna-Rockaden,Umea)"]
[Site "?"]
[Date "2011.03.13"]
[Round "9"]
[White "Wickstrom, Lucas"]
[Black "Kall, Anders"]
[Result "1-0"]
[WhiteElo "2324"]
[BlackElo "2202"]
[PlyCount "47"]
[SourceDate "2011.03.17"]

1. d4 Nf6 2. c4 e6 3. Nf3 Bb4+ 4. Bd2 Qe7 5. g3 b6 6. Bg2 Bb7 7. Nc3 Bxc3 8.
Bxc3 Ne4 9. Qc2 Nxc3 10. Qxc3 O-O 11. O-O d6 12. c5 bxc5 13. dxc5 d5 14. b4 c6
15. Rfe1 Nd7 16. e4 Rfc8 17. Nd4 Qf6 18. Rac1 Ba6 19. exd5 cxd5 20. c6 Rc7 21.
b5 Bc8 22. Bxd5 Nf8 23. Bg2 Re7 24. c7 1-0

[Event "Superettan(Majorna-Rockaden,Umea)"]
[Site "?"]
[Date "2011.03.13"]
[Round "9"]
[White "Strom, Leif"]
[Black "Malmstig, Erik"]
[Result "0-1"]
[WhiteElo "2133"]
[BlackElo "2313"]
[PlyCount "112"]

1. c4 e5 2. g3 d6 3. Bg2 f5 4. d3 c6 5. Nc3 Be7 6. e4 Nf6 7. Nge2 Be6 8. b3 Na6
9. exf5 Bxf5 10. d4 Nb4 11. O-O Nc2 12. Bb2 Nxa1 13. Qxa1 O-O 14. Nd1 e4 15.
Ne3 Qd7 16. d5 Bh3 17. Bxh3 Qxh3 18. Nf4 Qd7 19. Ne6 Rf7 20. Ng5 Rff8 21. Ne6
cxd5 22. Nxf8 Rxf8 23. cxd5 h5 24. Qb1 Re8 25. Re1 Bd8 26. a3 Nh7 27. h4 Qf7
28. Qd1 Rf8 29. Rf1 Qg6 30. Kh2 Rf3 31. Bd4 Qf7 32. Qc2 Bf6 33. Bxa7 Be5 34.
Kg2 Nf6 35. b4 b5 36. Bb6 Qg6 37. Kh1 Qe8 38. Qc6 Qg6 39. Qc2 Kh7 40. Rg1 Ng4
41. Rg2 Rf8 42. Nxg4 hxg4 43. Qe2 Rb8 44. Be3 Qf5 45. Kh2 Kg6 46. Rg1 Rh8 47.
Kh1 Qf3+ 48. Qxf3 exf3 49. Rc1 Ra8 50. Rc6 Rxa3 51. Rb6 Kf5 52. Rxb5 Bxg3 53.
Ra5 Rb3 54. fxg3 Rxe3 55. b5 Re1+ 56. Kh2 f2 0-1

[Event "Superettan(Majorna-Rockaden,Umea)"]
[Site "?"]
[Date "2011.03.13"]
[Round "9"]
[White "Forsberg, Viktor"]
[Black "Panas, Itai"]
[Result "1-0"]
[WhiteElo "2301"]
[BlackElo "2153"]
[PlyCount "65"]

1. Nf3 d6 2. d4 Bg4 3. e4 Nd7 4. h3 Bxf3 5. Qxf3 e6 6. Nc3 Qf6 7. Qd3 a6 8. Be3
Ne7 9. O-O-O d5 10. g4 Nb6 11. f4 h5 12. Be2 hxg4 13. hxg4 Rxh1 14. Rxh1 Nc6
15. e5 Qe7 16. a3 Nc4 17. Nd1 N6a5 18. Bf2 Qd7 19. Ne3 b5 20. Nxc4 Nxc4 21. f5
O-O-O 22. fxe6 Qxe6 23. Qf5 Be7 24. Rh7 Qxf5 25. gxf5 Bg5+ 26. Kb1 Nd2+ 27. Ka2
Rg8 28. Bh5 g6 29. Bg4 Kb8 30. Rxf7 Ne4 31. Be1 gxf5 32. Bxf5 Rd8 33. Ba5 1-0

[Event "Superettan(Majorna-Rockaden,Umea)"]
[Site "?"]
[Date "2011.03.13"]
[Round "9"]
[White "Bende, Tobias"]
[Black "Hammar, Ulf"]
[Result "0-1"]
[WhiteElo "2113"]
[BlackElo "2232"]
[PlyCount "110"]

1. d4 d5 2. c4 c6 3. Nf3 Nf6 4. Nc3 dxc4 5. a4 Bf5 6. Ne5 Nbd7 7. Nxc4 Nb6 8.
Ne5 a5 9. e3 h6 10. h4 Bh7 11. Qf3 e6 12. Bd3 Bxd3 13. Nxd3 Nfd5 14. Ne5 Qf6
15. Qxf6 gxf6 16. Nxd5 Nxd5 17. Nd3 Nb4 18. Nxb4 Bxb4+ 19. Bd2 Bxd2+ 20. Kxd2
Rg8 21. g3 e5 22. Kc3 O-O-O 23. Rhd1 Rg4 24. dxe5 fxe5 25. b3 f5 26. Rac1 h5
27. Rd3 Rdg8 28. Rcd1 f4 29. exf4 exf4 30. gxf4 Rxf4 31. Rd7 Rxf2 32. Rh7 Rg3+
33. Rd3 Rxd3+ 34. Kxd3 Rf3+ 35. Kc2 Rf5 36. Kd3 Kb8 37. Kc3 Ka7 38. Kd3 Kb6 39.
Kc3 Rf3+ 40. Kc2 Rf2+ 41. Kc3 Rf5 42. Kd3 Kc5 43. Kc3 b6 44. Rh6 b5 45. axb5
cxb5 46. Rh8 Rf3+ 47. Kc2 Kb4 48. Rxh5 Rc3+ 49. Kd2 Rxb3 50. Rg5 a4 51. h5 Rh3
52. Kc2 Rh4 53. Kb2 a3+ 54. Ka2 Ka4 55. Rf5 b4 0-1

[Event "Superettan(Majorna-Rockaden,Umea)"]
[Site "?"]
[Date "2011.03.13"]
[Round "9"]
[White "Mardell, Jimmy"]
[Black "Fors, Klas"]
[Result "1-0"]
[WhiteElo "2225"]
[BlackElo "2091"]
[PlyCount "49"]

1. e4 c5 2. Nf3 d6 3. d4 cxd4 4. Nxd4 Nf6 5. Nc3 a6 6. Bg5 e6 7. f4 Nbd7 8. Qf3
Qc7 9. O-O-O Be7 10. Bd3 b5 11. Rhe1 Bb7 12. Qg3 b4 13. Nd5 Bxd5 14. exd5 Nxd5
15. Bxe7 Nxe7 16. Qxg7 Rg8 17. Qxh7 d5 18. g3 Nf6 19. Qh6 Ng4 20. Nxe6 fxe6 21.
Qxe6 Kf8 22. f5 Nf2 23. f6 Nxd3+ 24. Rxd3 Nc6 25. Rxd5 1-0

[Event "Superettan(Majorna-Rockaden,Umea)"]
[Site "?"]
[Date "2011.03.13"]
[Round "9"]
[White "Bengtsson, Tage"]
[Black "Nygren, David"]
[Result "1-0"]
[WhiteElo "2030"]
[BlackElo "2282"]
[PlyCount "83"]

1. d4 Nf6 2. c4 e6 3. Nf3 c5 4. Nc3 cxd4 5. Nxd4 Bb4 6. e3 O-O 7. Bd3 d5 8.
cxd5 exd5 9. O-O Nc6 10. a3 Bd6 11. Nf3 Re8 12. b4 a6 13. Bb2 Bc7 14. Ne2 Qd6
15. Ned4 Ng4 16. Nxc6 bxc6 17. g3 Qh6 18. Rc1 Bd7 19. Qc2 Bb6 20. Bd4 Bxd4 21.
exd4 Qh5 22. Rfe1 Re6 23. Rxe6 fxe6 24. Qc3 Rf8 25. Bxa6 Nxf2 26. Ne5 Nh3+ 27.
Kh1 Nf2+ 28. Kg1 Ne4 29. Qe3 Rf2 30. h4 Qf5 31. Rf1 Rxf1+ 32. Bxf1 Be8 33. Bd3
Qh3 34. Bxe4 dxe4 35. a4 c5 36. bxc5 Bxa4 37. c6 Qf5 38. Qf4 Qh5 39. c7 Qd1+
40. Qf1 Qxd4+ 41. Kh1 Qc5 42. Qc4 1-0

[Event "Superettan(Majorna-Rockaden,Umea)"]
[Site "?"]
[Date "2011.03.13"]
[Round "9"]
[White "Eriksson, Jorgen"]
[Black "Holzmann-Ekholm, Alexander"]
[Result "1-0"]
[WhiteElo "2275"]
[BlackElo "1872"]
[PlyCount "57"]

1. d4 d5 2. Nf3 Nf6 3. c4 e6 4. Nc3 c6 5. e3 Nbd7 6. Be2 Be7 7. O-O O-O 8. b3
Re8 9. Bb2 Nf8 10. Ne5 c5 11. cxd5 exd5 12. Bb5 cxd4 13. Bxe8 Qxe8 14. exd4 Ne6
15. Re1 b6 16. a3 Ba6 17. Rc1 Rd8 18. b4 g6 19. Qa4 Qxa4 20. Nxa4 Bd6 21. Nc6
Rd7 22. Nc3 Nf4 23. b5 Bc8 24. Rcd1 Rc7 25. g3 Nh3+ 26. Kg2 Ng5 27. f3 a6 28.
a4 a5 29. Nb1 1-0

[Event "Superettan(Majorna-Rockaden,Umea)"]
[Site "?"]
[Date "2011.03.13"]
[Round "9"]
[White "Thornfalt, Thomas"]
[Black "Lindgren, Fredrik"]
[Result "0-1"]
[WhiteElo "1725"]
[BlackElo "2218"]
[PlyCount "56"]

1. c4 b6 2. Nf3 Bb7 3. g3 f5 4. d3 e5 5. Bg2 Bb4+ 6. Bd2 Bxd2+ 7. Qxd2 Qf6 8.
Nc3 Ne7 9. Nh4 Bxg2 10. Nxg2 c6 11. e3 O-O 12. d4 e4 13. d5 Na6 14. Nf4 g5 15.
Nfe2 Ng6 16. Nd4 Ne5 17. O-O-O Nb4 18. h4 g4 19. Kb1 Nxc4 20. Qe2 Nd3 21. Rxd3
exd3 22. Qxd3 b5 23. Nde2 Nxb2 24. Qc2 Nc4 25. Kc1 b4 26. Nb1 cxd5 27. Nf4 Nxe3
28. fxe3 Rac8 0-1

[Event "Superettan(Rodeby-Orebro)"]
[Site "?"]
[Date "2011.03.13"]
[Round "9"]
[White "Gruvaeus, Curt"]
[Black "Svensson, Bo Anders"]
[Result "0-1"]
[WhiteElo "2332"]
[BlackElo "2340"]
[PlyCount "74"]

1. d4 d5 2. Nf3 Nf6 3. g3 c6 4. Bg2 Bf5 5. O-O e6 6. b3 Be7 7. Bb2 a5 8. c4 h6
9. Ne5 Nbd7 10. Nd2 O-O 11. e3 a4 12. g4 Bh7 13. f4 axb3 14. axb3 Rxa1 15. Bxa1
Bb4 16. Ndf3 Nxe5 17. Nxe5 Be4 18. Bh3 Nd7 19. Bg2 Bxg2 20. Kxg2 Nxe5 21. dxe5
Bc5 22. Bd4 Bxd4 23. Qxd4 Qh4 24. h3 dxc4 25. Qxc4 Rd8 26. Qc2 Rd5 27. Rd1 Qd8
28. Rxd5 Qxd5+ 29. Kg3 c5 30. Qa2 b5 31. Qa7 Qxb3 32. Qxc5 b4 33. Kf3 Qd1+ 34.
Kf2 b3 35. Qc8+ Kh7 36. Qb7 Qd2+ 37. Kf3 Qd5+ 0-1

[Event "Superettan(Rodeby-Orebro)"]
[Site "?"]
[Date "2011.03.13"]
[Round "9"]
[White "Greiff, Hakan"]
[Black "Lundin, Jan"]
[Result "1/2-1/2"]
[WhiteElo "2296"]
[BlackElo "2349"]
[PlyCount "90"]

1. e4 e5 2. Nf3 Nf6 3. Nxe5 d6 4. Nf3 Nxe4 5. Nc3 Nxc3 6. dxc3 Be7 7. Bf4 O-O
8. Qd2 Nd7 9. Bd3 Nc5 10. O-O-O Re8 11. Rhe1 Bf6 12. h4 Rxe1 13. Rxe1 Bg4 14.
Ng5 h6 15. Bh7+ Kf8 16. Ne4 Nxe4 17. Bxe4 d5 18. Bd3 Be6 19. g3 c5 20. Be5 Bxe5
21. Rxe5 Qd6 22. f4 a6 23. Be2 Rd8 24. Bf3 b5 25. g4 d4 26. cxd4 cxd4 27. a3 d3
28. Qxd3 Qxd3 29. cxd3 Rxd3 30. Be2 Rd4 31. f5 Bc4 32. Bd1 h5 33. f6 hxg4 34.
fxg7+ Kxg7 35. Rg5+ Kf6 36. Rxg4 Rxg4 37. Bxg4 Ke5 38. h5 f5 39. h6 Bg8 40. Be2
Kf4 41. Kd2 Kg5 42. Bd3 Bh7 43. a4 bxa4 44. Bxa6 Kxh6 45. Bb5 Kg5 1/2-1/2

[Event "Superettan(Rodeby-Orebro)"]
[Site "?"]
[Date "2011.03.13"]
[Round "9"]
[White "Nygren, Kim"]
[Black "Wahlbom, Magnus"]
[Result "0-1"]
[WhiteElo "2328"]
[BlackElo "2291"]
[PlyCount "74"]
[EventDate "2011.??.??"]

1. e4 e6 2. d4 d5 3. Nc3 Bb4 4. e5 b6 5. Qg4 Bf8 6. Nf3 Bb7 7. h4 h5 8. Qg3 Nc6
9. Be3 Qd7 10. Nd2 Nge7 11. Nb3 Nf5 12. Qf3 Be7 13. g3 O-O-O 14. Bg2 Kb8 15. a4
f6 16. exf6 Bxf6 17. Ne2 Nxe3 18. Qxe3 e5 19. O-O Rde8 20. Qd2 exd4 21. a5 Qg4
22. Nf4 Ne5 23. axb6 axb6 24. Qb4 Nf3+ 25. Bxf3 Qxf3 26. Ra3 Be7 27. Qb5 Bxa3
28. bxa3 Qc3 29. Qd7 d3 30. Nxd3 Qxc2 31. Ndc5 Rd8 32. Qe7 bxc5 33. Nxc5 Rhe8
34. Nd7+ Ka8 35. Qf7 Qc6 36. Rb1 d4 37. Rxb7 Re1+ 0-1

[Event "Superettan(Rodeby-Orebro)"]
[Site "?"]
[Date "2011.03.13"]
[Round "9"]
[White "Ostling, Hakan"]
[Black "Lind, Jan-Olov"]
[Result "1-0"]
[WhiteElo "2163"]
[BlackElo "2216"]
[PlyCount "59"]
[EventDate "2011.??.??"]

1. f4 c5 2. d3 d5 3. Nf3 Nc6 4. g3 Nf6 5. Bg2 g6 6. O-O $2 Bg7 7. Nc3 d4 8. Na4
Nd7 9. c4 dxc3 10. Nxc3 O-O $2 11. Qa4 Nd4 12. Bd2 a6 13. Nxd4 Bxd4+ 14. e3 Bg7
15. Qa3 Rb8 16. Rac1 b6 17. Ne2 a5 18. Bc3 Nf6 19. Be5 Bg4 20. Bxb8 Bxe2 21.
Rfe1 Bxd3 22. Be5 Be4 23. Bxf6 Bxg2 24. Bxg7 Bh3 25. Qc3 Re8 26. Bh6 f6 27.
Qb3+ e6 28. Rcd1 Qa8 29. e4 c4 30. Qxb6 1-0

[Event "Superettan(Rodeby-Orebro)"]
[Site "?"]
[Date "2011.03.13"]
[Round "9"]
[White "Drugge, Patrick"]
[Black "Laksman, Efraim"]
[Result "0-1"]
[WhiteElo "2323"]
[BlackElo "2256"]
[PlyCount "82"]
[SourceDate "2011.03.17"]

1. e4 c5 2. Nc3 Nc6 3. g3 g6 4. Bg2 Bg7 5. d3 d6 6. f4 Nf6 7. Nf3 Rb8 8. a4 a6
9. O-O b5 10. axb5 axb5 11. h3 b4 12. Ne2 Nd7 13. c3 O-O 14. d4 bxc3 15. bxc3
cxd4 16. cxd4 Nb6 17. Qd3 d5 18. Ne5 dxe4 19. Qxe4 Nb4 20. Ra7 N6d5 21. Bd2 Bf5
22. Qf3 Bxe5 23. fxe5 Qb6 24. Ra4 Bd7 25. Rxb4 Nxb4 26. Bh6 Bb5 27. Bxf8 Rxf8
28. Kh2 Bxe2 29. Qxe2 Qxd4 30. Rf4 Qc3 31. Rc4 Qd3 32. Qg4 Nc2 33. Re4 Rb8 34.
h4 Ne3 35. Qf3 Rb3 36. Rf4 Rb2 37. Rxf7 Rxg2+ 38. Kh3 Qd7+ 39. g4 Qxg4+ 40.
Qxg4 Rxg4 41. e6 Nf5 0-1

[Event "Superettan(Rodeby-Orebro)"]
[Site "?"]
[Date "2011.03.13"]
[Round "9"]
[White "Bernhardsson, Sten"]
[Black "Alm, Hakan"]
[Result "1/2-1/2"]
[WhiteElo "2103"]
[BlackElo "2313"]
[PlyCount "101"]

1. d4 Nf6 2. c4 g6 3. Nc3 d5 4. Bg5 Ne4 5. Bh4 Nxc3 6. bxc3 c5 7. e3 Bg7 8. Nf3
Nc6 9. cxd5 Qxd5 10. Be2 cxd4 11. cxd4 O-O 12. O-O b6 13. Qa4 Bb7 14. Rfd1 a6
15. Rac1 e6 16. Ne1 b5 17. Qa3 Rfc8 18. Bf3 Qd7 19. Nd3 Nxd4 20. exd4 Bxf3 21.
gxf3 Qxd4 22. Rxc8+ Rxc8 23. Qxa6 Rb8 24. Be7 h5 25. Qd6 Qa7 26. a3 Re8 27. Bg5
Qa4 28. Rc1 h4 29. Qb4 Qa8 30. Bxh4 Qxf3 31. Qxb5 Ra8 32. Bg3 Rxa3 33. Ne1 Qe4
34. Qg5 Ra8 35. Qf4 Qd5 36. Rb1 e5 37. Qf3 e4 38. Qf4 Bc3 39. Rb8+ Rxb8 40.
Qxb8+ Kg7 41. Qb1 g5 42. Qc1 Bd2 43. Qa1+ Kg6 44. Ng2 f5 45. Ne3 Qd3 46. Qf1 f4
47. Qh3 Bxe3 48. Qe6+ Kg7 49. Qe7+ Kg6 50. Qe6+ Kg7 51. Qe7+ 1/2-1/2

[Event "Superettan(Rodeby-Orebro)"]
[Site "?"]
[Date "2011.03.13"]
[Round "9"]
[White "Jonsson, Krister"]
[Black "Dolgov, Mikhail"]
[Result "1/2-1/2"]
[WhiteElo "2156"]
[BlackElo "1962"]
[PlyCount "34"]

1. d4 d5 2. c4 e6 3. Nf3 Nf6 4. g3 c5 5. cxd5 exd5 6. Nc3 Nc6 7. Bg2 Bg4 8.
dxc5 Bxc5 9. O-O O-O 10. Bg5 d4 11. Bxf6 Qxf6 12. Ne4 Qe7 13. Nxc5 Qxc5 14. Qa4
Rad8 15. Rfd1 Rd6 16. h3 b5 17. Qb3 Be6 1/2-1/2

[Event "Superettan(Rodeby-Orebro)"]
[Site "?"]
[Date "2011.03.13"]
[Round "9"]
[White "Eriksson, Bengt"]
[Black "Blomstrom, Lars"]
[Result "1/2-1/2"]
[WhiteElo "2065"]
[BlackElo "2188"]
[PlyCount "64"]

1. d4 Nf6 2. Bg5 Ne4 3. h4 d5 4. Nd2 Nxd2 5. Qxd2 c5 6. e3 Nc6 7. Nf3 f6 8. Bf4
Bg4 9. Be2 e6 10. O-O Be7 11. Rfd1 Qd7 12. dxc5 e5 13. Bg3 Rd8 14. b4 O-O 15.
c4 dxc4 16. Qc3 Qf5 17. Qxc4+ Kh8 18. a3 h6 19. Rac1 Rxd1+ 20. Rxd1 Qh5 21. Kf1
f5 22. Nxe5 Nxe5 23. Bxe5 Qxh4 24. Kg1 Qh5 25. f3 Bh4 26. fxg4 fxg4 27. Rf1
Rxf1+ 28. Kxf1 Qxe5 29. Qd4 Qf5+ 30. Qf4 Qe6 31. Qf8+ Kh7 32. Bd3+ g6 1/2-1/2

[Event "Superettan(Team Malmo-Wasa)"]
[Site "?"]
[Date "2011.03.13"]
[Round "9"]
[White "Astrom, Goran"]
[Black "Johansson, Thomas"]
[Result "1-0"]
[WhiteElo "2313"]
[BlackElo "2270"]
[PlyCount "109"]

1. e4 Nf6 2. e5 Nd5 3. d4 d6 4. Nf3 dxe5 5. Nxe5 c6 6. Bc4 Nd7 7. Nf3 N7f6 8.
O-O Bg4 9. c3 e6 10. Bg5 Qc7 11. Nbd2 Bd6 12. Be2 h6 13. Bh4 g5 14. Bg3 Bxg3
15. hxg3 Bxf3 16. Nxf3 Ng4 17. Re1 O-O-O 18. Nd2 h5 19. Bxg4 hxg4 20. Qxg4 f5
21. Qe2 Rh6 22. Nf1 Qh7 23. f3 Re8 24. Kf2 Nf6 25. Nd2 f4 26. Ne4 fxg3+ 27.
Nxg3 Qf7 28. Rh1 Ng4+ 29. Kg1 Rxh1+ 30. Nxh1 Nf6 31. Ng3 Nd5 32. Qe5 Qf4 33.
Ne4 Qe3+ 34. Kh1 Re7 35. Nd6+ Kd8 36. Qxe3 Nxe3 37. Re1 Nd5 38. Re5 Kc7 39. Ne4
g4 40. fxg4 Ne3 41. Ng5 Nxg4 42. Rxe6 Rg7 43. Nf3 Nf2+ 44. Kh2 Nd3 45. Re2 Nf4
46. Rd2 b5 47. Ne5 Nd5 48. Rf2 Ne3 49. Re2 Nd5 50. g4 a5 51. Kg3 a4 52. a3 Kd6
53. Rh2 Ne3 54. Rh6+ Kd5 55. Rxc6 1-0

[Event "Superettan(Team Malmo-Wasa)"]
[Site "?"]
[Date "2011.03.13"]
[Round "9"]
[White "Lindahl, Jonas"]
[Black "Collett, Peter"]
[Result "1/2-1/2"]
[WhiteElo "2238"]
[BlackElo "2273"]
[PlyCount "81"]

1. e4 e5 2. Nf3 Nc6 3. Bc4 Bc5 4. d3 Nf6 5. Nbd2 a6 6. c3 Ba7 7. Nf1 d6 8. Bb3
h6 9. Ng3 d5 10. exd5 Nxd5 11. O-O O-O 12. Re1 Nf6 13. Be3 Bxe3 14. Rxe3 Qd6
15. h3 b6 16. Qe2 Nd7 17. Ne4 Qe7 18. Ned2 Bb7 19. d4 Rae8 20. Re1 Qd6 21. Nc4
Qg6 22. d5 Ncb8 23. Nfxe5 Qg5 24. Nf3 Rxe3 25. Nxe3 Qf4 26. Bc2 Nf6 27. c4 c6
28. Rd1 Rd8 29. Rd4 Qc7 30. Qd1 cxd5 31. cxd5 Nbd7 32. d6 Qc5 33. Rd2 g6 34. a3
Qh5 35. Nh2 Qxd1+ 36. Rxd1 Ne5 37. f4 Ned7 38. b4 Nf8 39. f5 g5 40. Nf3 Ne8 41.
Ne5 1/2-1/2

[Event "Superettan(Team Malmo-Wasa)"]
[Site "?"]
[Date "2011.03.13"]
[Round "9"]
[White "Soderberg, Per"]
[Black "Malmqvist, Glenn"]
[Result "1/2-1/2"]
[WhiteElo "2187"]
[BlackElo "2232"]
[PlyCount "65"]

1. e4 e6 2. d4 b6 3. Nc3 Bb7 4. Nf3 Bb4 5. Bd3 Nf6 6. Bg5 h6 7. Bxf6 Qxf6 8.
O-O Bxc3 9. bxc3 d6 10. Qe2 O-O 11. Nd2 c5 12. Qe3 Nc6 13. d5 Ne7 14. c4 Rae8
15. Qg3 e5 16. a4 Ra8 17. a5 Ng6 18. Rab1 Qd8 19. Rb3 Bc8 20. axb6 axb6 21.
Rfb1 Ra6 22. Qe3 Bd7 23. g3 Qc7 24. Qe1 Rfa8 25. Nf1 Qd8 26. Ne3 Ne7 27. Qf1
Nc8 28. Be2 Qg5 29. Kh1 Ra2 30. Bf3 h5 31. Bg2 Qg6 32. Qd3 Qf6 33. Kg1 1/2-1/2

[Event "Superettan(Team Malmo-Wasa)"]
[Site "?"]
[Date "2011.03.13"]
[Round "9"]
[White "Franzen, Johan"]
[Black "Hallerod, Ralph"]
[Result "1-0"]
[WhiteElo "2121"]
[BlackElo "2181"]
[PlyCount "71"]

1. d4 Nf6 2. Nf3 e6 3. g3 d5 4. Bg2 Bb4+ 5. c3 Bd6 6. Bg5 h6 7. Bxf6 gxf6 8.
Nbd2 f5 9. e3 Nd7 10. c4 c6 11. c5 Bc7 12. b4 Nf8 13. Ne5 Qg5 14. f4 Qg7 15. a4
f6 16. Qh5+ Ke7 17. Qh4 Nh7 18. b5 Ng5 19. fxg5 fxe5 20. gxh6+ Qf6 21. Qxf6+
Kxf6 22. O-O Bd7 23. Rfb1 Rxh6 24. b6 axb6 25. cxb6 Bd6 26. a5 c5 27. Nc4 Bb8
28. dxc5 Rh8 29. a6 Rxa6 30. Rxa6 bxa6 31. Na5 Rc8 32. Rc1 Bc6 33. Bf1 Bb5 34.
Bxb5 axb5 35. c6 Bd6 36. b7 1-0

[Event "Superettan(Team Malmo-Wasa)"]
[Site "?"]
[Date "2011.03.13"]
[Round "9"]
[White "Berkell, Peder"]
[Black "Malmgren, Lars-Goran"]
[Result "1-0"]
[WhiteElo "2156"]
[BlackElo "1980"]
[PlyCount "115"]

1. f4 d5 2. Nf3 g6 3. g3 c5 4. Bg2 Nc6 5. O-O Bg7 6. d3 Nf6 7. c3 d4 8. e4 dxe3
9. Bxe3 Qa5 10. Kh1 O-O 11. Nbd2 Be6 12. Nb3 Bxb3 13. Qxb3 Qb6 14. Qc2 Ng4 15.
Bg1 a5 16. Nd2 Rac8 17. Nc4 Qa6 18. a4 Nb8 19. Qe2 Nf6 20. Qxe7 Nbd7 21. Qe2
Rfe8 22. Qf3 Rb8 23. Rfe1 Bf8 24. Rxe8 Nxe8 25. f5 g5 26. Re1 Nd6 27. Qh5 h6
28. Bd5 Nf6 29. Qg6+ Bg7 30. Nxd6 Qxd6 31. Qxf7+ Kh8 32. Bg2 Qxd3 33. Qc7 Re8
34. Rxe8+ Nxe8 35. Qc8 Qe2 36. Qe6 Qxe6 37. fxe6 b6 38. Bc6 Nc7 39. e7 Be5 40.
Kg2 Kg7 41. e8=Q Nxe8 42. Bxe8 Kf6 43. Kf3 Ke6 44. Ke4 Bc7 45. Be3 Bd8 46. Bb5
h5 47. Bc4+ Kf6 48. h3 h4 49. gxh4 gxh4 50. Bf4 Kg6 51. Kf3 Kf5 52. Bd3+ Ke6
53. Bc4+ Kf5 54. Bd5 Bf6 55. Bc7 Bg5 56. Bxb6 Bc1 57. Bxa5 Bxb2 58. c4 1-0

[Event "Superettan(Team Malmo-Wasa)"]
[Site "?"]
[Date "2011.03.13"]
[Round "9"]
[White "Jonsson, Lennart"]
[Black "Nordstrom, Felix"]
[Result "0-1"]
[WhiteElo "2102"]
[BlackElo "2149"]
[PlyCount "79"]
[EventDate "2011.??.??"]

1. d4 Nf6 2. Nf3 d5 3. e3 Bf5 4. Bd3 e6 5. O-O Be7 6. Bxf5 exf5 7. Qd3 Qc8 8.
c4 c6 9. Nc3 dxc4 10. Qxc4 Nbd7 11. Ne5 O-O 12. f4 Nb6 13. Qe2 c5 14. dxc5 Bxc5
15. Kh1 Qe6 16. Bd2 Rfe8 17. Rae1 Rad8 18. Bc1 Bd6 19. Nf3 Bb4 20. Nd4 Qc8 21.
Qb5 Bxc3 22. bxc3 Rd5 23. Qd3 Ne4 24. g4 fxg4 25. f5 Qd8 26. Re2 g3 27. Rf4
Rde5 28. Rg2 Nf2+ 29. Rgxf2 gxf2 30. Rxf2 Qd5+ 31. Kg1 Nc4 32. Re2 Re4 33. h3
Rh4 34. Kh2 Nd6 35. Qd1 Nxf5 36. Qe1 Qe5+ 37. Kg2 Nxd4 38. cxd4 Rxd4 39. Qf2
Rd6 40. Kh1 0-1

[Event "Superettan(Team Malmo-Wasa)"]
[Site "?"]
[Date "2011.03.13"]
[Round "9"]
[White "Wenzel, Birger"]
[Black "Danielsson, Dominik"]
[Result "1/2-1/2"]
[WhiteElo "2125"]
[BlackElo "1966"]
[PlyCount "65"]
[SourceDate "2011.03.17"]

1. d4 f5 2. g3 g6 3. Bg2 Nf6 4. Nf3 Bg7 5. O-O O-O 6. c4 d6 7. Nc3 c6 8. Rb1
Na6 9. b4 Bd7 10. Qd3 Nc7 11. a4 b5 12. axb5 cxb5 13. Nd2 bxc4 14. Nxc4 Rb8 15.
Na5 Nb5 16. Nc6 Bxc6 17. Bxc6 Nxc3 18. Qxc3 Qb6 19. Qc4+ Kh8 20. b5 Rfc8 21.
Ra1 Ne4 22. e3 a5 23. f3 d5 24. Qxd5 Nc3 25. Qc4 Nxb5 26. Qxb5 Qxb5 27. Bxb5
Rxb5 28. Rf2 e5 29. Bb2 exd4 30. Bxd4 Bxd4 31. exd4 Rd8 32. Rd2 Kg7 33. Kf2
1/2-1/2